Alpine elite : German mountain troops of World War II /

Bibliographic Details
Main Author: Lucas, James, 1923-2002
Format: Book
Language:English
Published: London ; New York : Jane's, 1980.
Subjects:

MARC

Tag First Indicator Second Indicator Subfields
LEADER 00000cam a2200000 a 4500
001 in00000082083
005 20151008055504.0
008 820225s1980 enkabce b 00110 eng
010 |a  81151532  
015 |a GB81-08305 
020 |a 0531037134 :  |c $19.95 (U.S.) 
035 |a (OCoLC)07505769 
035 |9 AAJ3602AM 
039 0 |a 2  |b 3  |c 3  |d 3  |e 3 
040 |a DLC  |c DLC  |d TXA  |d UtOrBLW 
043 |a e-gx---  |a e------ 
049 |a TXAM  |c [1804467] 
050 0 0 |a D757.39  |b .L8 1980 
082 0 |a 940.54/13/43  |2 19 
100 1 |a Lucas, James,  |d 1923-2002. 
245 1 0 |a Alpine elite :  |b German mountain troops of World War II /  |c James Lucas. 
264 1 |a London ;  |a New York :  |b Jane's,  |c 1980. 
300 |a 226 pages :  |b illustrations, map, plans, portraits ;  |c 24 cm. 
336 |a text  |b txt  |2 rdacontent 
337 |a unmediated  |b n  |2 rdamedia 
338 |a volume  |b nc  |2 rdacarrier 
500 |a Includes index. 
504 |a Bibliography: page 220. 
610 1 0 |a Germany.  |b Heer.  |b Gebirgstruppen  |x History. 
650 0 |a World War, 1939-1945  |x Regimental histories  |z Germany. 
650 0 |a World War, 1939-1945  |x Campaigns  |z Western Front. 
650 0 |a Mountain warfare  |x History  |y 20th century. 
999 |a MARS 
999 f f |s be5ffeb8-9625-3f6c-9eee-b7efb8ad012a  |i df022006-4126-3e98-858e-18552e9d3579  |t 0 
952 f f |p noncirc  |a Texas A&M University  |b College Station  |c Cushing Memorial Library & Archives  |d Cushing: Ragan Military (Does not check out)  |t 0  |e D757.39 .L8 1980  |h Library of Congress classification  |i unmediated -- volume  |m A14852158436 
952 f f |p ric  |a Texas A&M University  |b Rellis Campus  |c Joint Library Facility  |d Remote Storage  |t 0  |e D757.39 .L8 1980  |h Library of Congress classification  |i unmediated -- volume  |m A14806095026 
998 f f |a D757.39 .L8 1980  |t 0  |l Remote Storage 
998 f f |a D757.39 .L8 1980  |t 0  |l Cushing: Ragan Military (Does not check out)